000 00519cam a2200193 4500
001 D5435
008 090401t1982 xxu||||| |||| 00| 0 eng d
035 _a(Sirsi) u50402
041 _aeng
050 _a692.50285
100 _aHarrison, R.S.
245 _aPracticalities of computer assisted estimating
260 _aAscot, Berks
_bThe Chartered Institute of Building
_c1982
300 _a6p. 30cm
350 _a0
490 _aTechnical Information Service
_pEstimating
_v11
942 _n0
948 _c04/03/1997
999 _c92704
_d92704